000 00775nam a2200217 a 4500
003 0
005 20250619135102.0
008 021121s19uu xx 00 eng d
010 _a-
050 _aPGS HV 5740.P5
_b.D346 2000
100 _aDe Leon, Krishia A.
245 4 _aThe perception of fourth year students of Southville International School on smoking /
_cKrishia A. De Leon.
260 _aLas PiƱas City, Philippines :
_bSouthville International School and Colleges,
_c2000.
300 _a45 pages :
_bcolored illustrations ;
_c28 cm.
504 _aIncludes bibliographical references.
650 _aSmoking
_vPublic opinion.
650 _aHigh school students
_vAttitudes.
650 _aSmoking
_vHealth aspects.
650 _aTobacco use.
942 _2lcc
_cPASS
999 _c96341
_d96341